[Event "Turkey IS Bank Super League 2017"]
[Site "Darica-Kocaeli"]
[Date "2017.07.30"]
[Round "5"]
[White "Demircioglu, Emre"]
[Black "Ertan, Can"]
[Result "1-0"]
[WhiteElo "2265"]
[BlackElo "2377"]
[Annotator "NA"]
[PlyCount "87"]
[EventType "team-tourn"]
[EventCountry "TUR"]
[SourceTitle "playchess.com"]
[Source "ChessBase"]
[SourceQuality "1"]
[TimeControl "40/5400+30:1800+30"]

1. d4 {[%emt 0:00:30]} Nf6 {[%emt 0:01:00]} 2. c4 {[%emt 0:01:30]} e6 {[%emt 0:00:30]} 3. Nf3 {[%emt 0:00:30]} b6 {[%emt 0:00:30]} 4. g3 {[%emt 0:00:00]} Ba6 {[%emt 0:00:00]} 5. b3 {[%emt 0:01:00]} Bb4+ {[%emt 0:00:00]} 6. Bd2 {[%emt 0:00:30]} Be7 {[%emt 0:00:00]} 7. Nc3 {[%emt 0:01:30]} c6 {[%emt 0:03:00]} 8. e4 {[%emt 0:01:30]} d5 {[%emt 0:00:00]} 9. e5 {[%emt 0:01:30]} Ne4 {[%emt 0:00:00]} 10. cxd5 {[%emt 0:01:30]} Nxc3 {[%emt 0:05:30]} 11. Bxc3 {[%emt 0:00:30]} Bxf1 {[%emt 0:00:30]} 12. Kxf1 {[%emt 0:00:30]} Qxd5 {[%emt 0:01:30]} 13. Kg2 {[%emt 0:04:30]} h5 $11 {[%emt 0:34:30]} 14. h3 {[%emt 0:13:30]} Nd7 {[%emt 0:00:30]} 15. Qe2 {[%emt 0:00:30]} O-O {[%emt 0:11:30]} 16. Rad1 {[%emt 0:12:30]} a5 {[%emt 0:09:30]} 17. Rhe1 {[%emt 0:13:30]} a4 {[%emt 0:00:30]} 18. b4 {[%emt 0:00:30]} a3 {[%emt 0:04:30]} 19. Kg1 {[%emt 0:00:30]} b5 {[%emt 0:01:30]} 20. Rb1 {[%emt 0:14:30]} Nb6 {[%emt 0:00:30]} 21. Rb3 {[%emt 0:00:30]} Ra4 {[%emt 0:01:30]} 22. Nd2 {[%emt 0:02:30]} h4 {[%emt 0:03:30]} 23. gxh4 {[%emt 0:01:30]} f5 {[%emt 0:01:30]} 24. Qh5 {[%emt 0:03:30]} Rf7 {[%emt 0:00:41]} 25. Kh2 {[%emt 0:03:30]} Nd7 {[%emt 0:00:19]} 26. Nf3 {[%emt 0:09:48]} Nf8 {[%emt 0:01:02]} 27. Bd2 {[%emt 0:01:49]} g6 {[%emt 0:12:04]} 28. Qh6 {[%emt 0:01:11]} Rh7 {[%emt 0:00:03]} 29. Qf4 {[%emt 0:01:14]} Qd8 {[%emt 0:00:52]} 30. Ng5 {[%emt 0:02:06]} Bxg5 {[%emt 0:01:11]} 31. hxg5 {[%emt 0:00:01]} Qd5 {[%emt 0:01:12]} 32. Rc1 {[%emt 0:00:01]} Nd7 {[%emt 0:01:01]} 33. Qe3 {[%emt 0:01:14]} Nb6 {[%emt 0:03:00]} 34. Rc5 {[%emt 0:01:10]} Qd7 {[%emt 0:00:26]} 35. Qf3 {[%emt 0:00:41]} Nc4 {[%emt 0:00:47]} 36. Be3 {[%emt 0:01:13]} Ra6 {[%emt 0:00:16]} 37. Rd3 {[%emt 0:02:49]} Kg7 {[%emt 0:00:50]} 38. Bc1 {[%emt 0:00:24]} Rh4 {[%emt 0:00:53]} 39. Bf4 {[%emt 0:01:04]} Ra4 {[%emt 0:01:17]} 40. Kg3 {[%emt 0:00:00]} Rh8 {[%emt 0:02:36]} 41. Qxc6 {[%emt 0:03:15]} Qxc6 {[%emt 0:06:30]} 42. Rxc6 {[%emt 0:00:00]} Rxb4 {[%emt 0:04:38]} 43. Rc7+ {[%emt 0:01:00]} Kg8 {[%emt 0:05:37]} 44. d5 {[%emt 0:00:30]} 1-0

[Event "Turkey IS Bank Super League 2017"]
[Site "Darica-Kocaeli"]
[Date "2017.07.30"]
[Round "5"]
[White "Samani, Yamac"]
[Black "Yurtseven, Melih"]
[Result "1-0"]
[WhiteElo "2263"]
[BlackElo "2353"]
[Annotator "NA"]
[PlyCount "117"]
[EventType "team-tourn"]
[EventCountry "TUR"]
[SourceTitle "playchess.com"]
[Source "ChessBase"]
[SourceQuality "1"]
[TimeControl "40/5400+30:1800+30"]

1. e4 {[%emt 0:00:30]} e6 {[%emt 0:01:00]} 2. d4 {[%emt 0:01:30]} d5 {[%emt 0:00:30]} 3. Nd2 {[%emt 0:00:30]} Nc6 {[%emt 0:00:30]} 4. Ngf3 {[%emt 0:01:30]} Nf6 {[%emt 0:00:30]} 5. e5 {[%emt 0:00:00]} Nd7 {[%emt 0:00:30]} 6. Nb3 {[%emt 0:01:00]} Be7 {[%emt 0:00:00]} 7. Bf4 {[%emt 0:01:30]} a5 {[%emt 0:00:00]} 8. a4 {[%emt 0:00:30]} b6 {[%emt 0:00:30]} 9. h4 {[%emt 0:01:30]} Ba6 {[%emt 0:05:30]} 10. Bxa6 {[%emt 0:00:30]} Rxa6 {[%emt 0:00:30]} 11. Rh3 {[%emt 0:11:30]} Ndb8 {[%emt 0:19:30]} 12. Rg3 {[%emt 0:06:30]} Bf8 {[%emt 0:00:00]} 13. h5 {[%emt 0:05:30]} h6 $14 {[%emt 0:00:00]} 14. c3 {[%emt 0:02:30]} Ne7 {[%emt 0:03:30]} 15. Nh4 {[%emt 0:07:30]} Kd7 {[%emt 0:02:30]} 16. Be3 {[%emt 0:05:30]} Kc8 {[%emt 0:02:30]} 17. Qg4 {[%emt 0:12:30]} Qd7 {[%emt 0:03:30]} 18. Rf3 {[%emt 0:02:30]} Nec6 {[%emt 0:00:30]} 19. Qf4 {[%emt 0:04:30]} Nd8 {[%emt 0:00:30]} 20. Rg3 {[%emt 0:05:30]} Nbc6 {[%emt 0:04:30]} 21. Kf1 {[%emt 0:02:30]} Kb8 {[%emt 0:02:30]} 22. Kg1 {[%emt 0:00:30]} Ra8 {[%emt 0:06:30]} 23. Nc1 {[%emt 0:00:30]} Ne7 {[%emt 0:12:30]} 24. Nd3 {[%emt 0:03:30]} Rg8 {[%emt 0:00:30]} 25. Qg4 {[%emt 0:09:18]} g6 {[%emt 0:03:30]} 26. f4 {[%emt 0:05:22]} Rg7 {[%emt 0:12:12]} 27. Qf3 {[%emt 0:00:40]} Ndc6 {[%emt 0:02:26]} 28. Nf2 {[%emt 0:01:02]} Nf5 {[%emt 0:00:32]} 29. Nxf5 {[%emt 0:00:15]} gxf5 {[%emt 0:00:57]} 30. Rxg7 {[%emt 0:00:12]} Bxg7 {[%emt 0:00:02]} 31. Nd3 {[%emt 0:02:42]} Ka7 {[%emt 0:01:40]} 32. b4 {[%emt 0:01:19]} axb4 {[%emt 0:02:17]} 33. cxb4 {[%emt 0:00:03]} Bf8 {[%emt 0:00:14]} 34. Rb1 {[%emt 0:01:04]} Kb7 {[%emt 0:00:25]} 35. Qd1 {[%emt 0:00:00]} Be7 {[%emt 0:05:00]} 36. Qb3 {[%emt 0:00:11]} Kc8 {[%emt 0:03:23]} 37. Rc1 {[%emt 0:00:55]} Kb7 {[%emt 0:04:52]} 38. Ra1 {[%emt 0:01:19]} Qe8 {[%emt 0:00:33]} 39. Qc3 {[%emt 0:01:00]} Bf8 {[%emt 0:01:18]} 40. Bf2 {[%emt 0:00:00]} Be7 {[%emt 0:01:39]} 41. Qb3 {[%emt 0:10:08]} f6 {[%emt 0:13:01]} 42. Qc3 {[%emt 0:08:44]} Rc8 {[%emt 0:02:30]} 43. Rc1 {[%emt 0:01:50]} Na7 {[%emt 0:01:29]} 44. Qc2 {[%emt 0:08:26]} Qxh5 {[%emt 0:00:59]} 45. b5 {[%emt 0:01:11]} c6 {[%emt 0:02:38]} 46. Qb3 {[%emt 0:04:33]} cxb5 {[%emt 0:01:22]} 47. Rxc8 {[%emt 0:00:30]} Kxc8 {[%emt 0:00:00]} 48. axb5 {[%emt 0:00:05]} Qe8 {[%emt 0:00:34]} 49. Bh4 {[%emt 0:01:03]} fxe5 {[%emt 0:02:10]} 50. Bxe7 {[%emt 0:00:30]} Qxe7 {[%emt 0:00:30]} 51. Nxe5 {[%emt 0:00:30]} Qe8 {[%emt 0:00:30]} 52. Qa3 {[%emt 0:00:21]} Kb7 {[%emt 0:07:47]} 53. Qa6+ {[%emt 0:00:47]} Ka8 {[%emt 0:00:03]} 54. Nc6 {[%emt 0:00:38]} Qd7 {[%emt 0:00:55]} 55. Qxb6 {[%emt 0:00:51]} Qb7 {[%emt 0:03:09]} 56. Qa5 {[%emt 0:01:38]} Qd7 {[%emt 0:00:01]} 57. b6 {[%emt 0:00:18]} Kb7 {[%emt 0:00:02]} 58. bxa7 {[%emt 0:00:18]} Qc8 {[%emt 0:01:08]} 59. Qb5+ {[%emt 0:00:13]} 1-0

[Event "Turkey IS Bank Super League 2017"]
[Site "Darica-Kocaeli"]
[Date "2017.07.30"]
[Round "5"]
[White "Yaran, Siar"]
[Black "Sevgi, Volkan"]
[Result "1-0"]
[WhiteElo "2253"]
[BlackElo "2199"]
[Annotator "NA"]
[PlyCount "105"]
[EventType "team-tourn"]
[EventCountry "TUR"]
[SourceTitle "playchess.com"]
[Source "ChessBase"]
[SourceQuality "1"]
[TimeControl "40/5400+30:1800+30"]

1. b3 {[%emt 0:01:30]} e5 {[%emt 0:03:00]} 2. Bb2 {[%emt 0:00:30]} Nc6 {[%emt 0:00:00]} 3. e3 {[%emt 0:00:30]} g6 {[%emt 0:00:00]} 4. f4 {[%emt 0:02:30]} Bg7 {[%emt 0:02:30]} 5. Nf3 {[%emt 0:00:30]} d6 {[%emt 0:02:30]} 6. Bb5 {[%emt 0:18:30]} Bd7 {[%emt 0:00:30]} 7. O-O {[%emt 0:01:30]} f5 {[%emt 0:06:30]} 8. Na3 {[%emt 0:10:30]} Qe7 $11 {[%emt 0:05:30]} 9. fxe5 {[%emt 0:13:30]} Nxe5 {[%emt 0:06:30]} 10. Bxd7+ {[%emt 0:08:30]} Qxd7 {[%emt 0:00:30]} 11. Nxe5 {[%emt 0:07:30]} dxe5 {[%emt 0:01:30]} 12. Nc4 {[%emt 0:01:30]} e4 {[%emt 0:00:30]} 13. d4 {[%emt 0:07:30]} Ne7 {[%emt 0:05:30]} 14. Qe1 {[%emt 0:02:30]} Nd5 {[%emt 0:02:30]} 15. Rd1 {[%emt 0:00:30]} Qe6 {[%emt 0:04:30]} 16. Na5 {[%emt 0:04:04]} Bh6 {[%emt 0:09:30]} 17. c4 {[%emt 0:01:02]} Nxe3 {[%emt 0:00:30]} 18. d5 {[%emt 0:00:20]} Qa6 {[%emt 0:00:30]} 19. Bxh8 {[%emt 0:05:42]} Nxd1 {[%emt 0:00:00]} 20. Bd4 {[%emt 0:03:41]} Ne3 {[%emt 0:06:00]} 21. Bxe3 {[%emt 0:07:49]} Bxe3+ {[%emt 0:00:30]} 22. Qxe3 {[%emt 0:00:30]} Qxa5 {[%emt 0:00:30]} 23. g4 {[%emt 0:00:30]} O-O-O {[%emt 0:00:00]} 24. gxf5 {[%emt 0:00:14]} gxf5 {[%emt 0:00:00]} 25. Qg5 {[%emt 0:00:23]} Rf8 {[%emt 0:03:30]} 26. Rxf5 {[%emt 0:00:30]} Qe1+ {[%emt 0:00:30]} 27. Kg2 {[%emt 0:00:30]} Qe2+ {[%emt 0:00:30]} 28. Kh3 {[%emt 0:00:30]} Re8 {[%emt 0:01:30]} 29. Qg4 {[%emt 0:00:21]} Qxg4+ {[%emt 0:00:30]} 30. Kxg4 {[%emt 0:00:30]} e3 {[%emt 0:00:30]} 31. Rf1 {[%emt 0:00:00]} Re4+ {[%emt 0:12:30]} 32. Kf3 {[%emt 0:00:14]} Rh4 {[%emt 0:00:00]} 33. Rh1 {[%emt 0:01:49]} Rh3+ {[%emt 0:00:00]} 34. Kg2 {[%emt 0:00:00]} Rh4 {[%emt 0:00:30]} 35. Re1 {[%emt 0:00:00]} Rd4 {[%emt 0:05:30]} 36. Kf3 {[%emt 0:00:02]} b5 {[%emt 0:00:00]} 37. Kxe3 {[%emt 0:01:36]} Rh4 {[%emt 0:00:00]} 38. c5 {[%emt 0:00:53]} Rxh2 {[%emt 0:00:00]} 39. Kd4 {[%emt 0:00:17]} Rd2+ {[%emt 0:00:00]} 40. Ke5 {[%emt 0:00:00]} Rxa2 {[%emt 0:02:30]} 41. c6 {[%emt 0:14:15]} Rg2 {[%emt 0:23:30]} 42. Rf1 {[%emt 0:03:02]} Rg8 {[%emt 0:00:30]} 43. Rf7 {[%emt 0:01:15]} Re8+ {[%emt 0:15:02]} 44. Kd4 {[%emt 0:00:37]} Rh8 {[%emt 0:00:06]} 45. Kc5 {[%emt 0:09:32]} h5 {[%emt 0:00:44]} 46. d6 {[%emt 0:00:06]} cxd6+ {[%emt 0:00:50]} 47. Kxb5 {[%emt 0:00:01]} Kb8 {[%emt 0:08:16]} 48. Rb7+ {[%emt 0:00:21]} Ka8 {[%emt 0:00:57]} 49. Ka6 {[%emt 0:00:38]} Rh6 {[%emt 0:00:30]} 50. Rxa7+ {[%emt 0:00:30]} Kb8 {[%emt 0:00:30]} 51. Kb6 {[%emt 0:00:30]} d5 {[%emt 0:00:30]} 52. Rg7 {[%emt 0:00:30]} Rh8 {[%emt 0:00:00]} 53. Rb7+ {[%emt 0:00:00]} 1-0

[Event "Turkey IS Bank Super League 2017"]
[Site "Darica-Kocaeli"]
[Date "2017.07.30"]
[Round "5"]
[White "Tasdogen, Dincer"]
[Black "Ozates, Tuna"]
[Result "1-0"]
[WhiteElo "2215"]
[BlackElo "2291"]
[Annotator "NA"]
[PlyCount "143"]
[EventType "team-tourn"]
[EventCountry "TUR"]
[SourceTitle "playchess.com"]
[Source "ChessBase"]
[SourceQuality "1"]
[TimeControl "40/5400+30:1800+30"]

1. e4 {[%emt 0:00:30]} c5 {[%emt 0:01:00]} 2. Nf3 {[%emt 0:00:30]} Nc6 {[%emt 0:00:30]} 3. d4 {[%emt 0:00:00]} cxd4 {[%emt 0:00:30]} 4. Nxd4 {[%emt 0:00:00]} e5 {[%emt 0:00:30]} 5. Nb5 {[%emt 0:00:30]} d6 {[%emt 0:00:30]} 6. c4 {[%emt 0:00:30]} Be7 {[%emt 0:00:00]} 7. N1c3 {[%emt 0:00:00]} a6 {[%emt 0:00:00]} 8. Na3 {[%emt 0:00:00]} f5 {[%emt 0:00:00]} 9. exf5 {[%emt 0:00:00] LiveBook: 267 Games} Bxf5 {[%emt 0:00:00]} 10. Nc2 {[%emt 0:00:00]} Nf6 {[%emt 0:00:00]} 11. Ne3 {[%emt 0:00:30]} Be6 {[%emt 0:00:00]} 12. g3 {[%emt 0:00:00]} O-O {[%emt 0:05:30]} 13. Bg2 {[%emt 0:00:00]} Qd7 {[%emt 0:01:30]} 14. O-O {[%emt 0:12:30]} b5 {[%emt 0:11:30]} 15. cxb5 {[%emt 0:11:30]} axb5 {[%emt 0:00:30]} 16. Ncd5 {[%emt 0:00:30]} Rab8 {[%emt 0:01:30]} 17. b3 {[%emt 0:02:30]} Bd8 $14 {[%emt 0:08:30]} 18. Bb2 {[%emt 0:08:30]} Nxd5 {[%emt 0:11:30]} 19. Nxd5 {[%emt 0:09:30]} Kh8 {[%emt 0:04:30]} 20. f4 {[%emt 0:15:30]} Bxd5 {[%emt 0:06:30]} 21. Qxd5 {[%emt 0:05:30]} Bb6+ {[%emt 0:00:30]} 22. Kh1 {[%emt 0:00:30]} Ne7 {[%emt 0:00:30]} 23. Qd2 {[%emt 0:04:30]} Nf5 {[%emt 0:05:30]} 24. Rae1 {[%emt 0:13:10]} Qe8 {[%emt 0:20:30]} 25. Be4 {[%emt 0:10:33]} Nd4 {[%emt 0:05:34]} 26. fxe5 {[%emt 0:01:35]} dxe5 {[%emt 0:00:38]} 27. Qg5 {[%emt 0:01:22]} Qe6 {[%emt 0:02:12]} 28. Ba3 {[%emt 0:02:19]} Rf6 {[%emt 0:01:32]} 29. Qh5 {[%emt 0:01:14]} Rh6 {[%emt 0:01:10]} 30. Qf7 {[%emt 0:00:33]} Rd8 {[%emt 0:08:51]} 31. Qxe6 {[%emt 0:00:37]} Nxe6 {[%emt 0:00:16]} 32. Rd1 {[%emt 0:00:33]} Bd4 {[%emt 0:00:36]} 33. Kg2 {[%emt 0:00:30]} Ng5 {[%emt 0:01:22]} 34. Bb1 {[%emt 0:00:02]} Ne6 {[%emt 0:01:34]} 35. Rf7 {[%emt 0:00:56]} Kg8 {[%emt 0:00:56]} 36. Re7 {[%emt 0:00:32]} Rf8 {[%emt 0:00:49]} 37. Rd2 {[%emt 0:00:27]} Rhf6 {[%emt 0:00:43]} 38. Rxe6 {[%emt 0:00:49]} Rxe6 39. Bxh7+ {[%emt 0:00:00]} Kf7 {[%emt 0:00:32]} 40. Bxf8 {[%emt 0:00:48]} Kxf8 {[%emt 0:00:15]} 41. Be4 {[%emt 0:03:00]} b4 {[%emt 0:01:30]} 42. Rc2 {[%emt 0:00:30]} Ra6 {[%emt 0:01:30]} 43. h4 {[%emt 0:01:30]} Rf6 {[%emt 0:05:30]} 44. h5 {[%emt 0:01:30]} Ke7 {[%emt 0:04:30]} 45. Rc7+ {[%emt 0:04:30]} Kf8 {[%emt 0:01:56]} 46. Rc4 {[%emt 0:06:40]} Rf2+ {[%emt 0:02:44]} 47. Kh3 {[%emt 0:00:17]} Rxa2 {[%emt 0:00:36]} 48. Rxb4 {[%emt 0:00:45]} Ke7 {[%emt 0:01:30]} 49. Rb7+ {[%emt 0:03:18]} Kf6 {[%emt 0:00:11]} 50. Kg4 {[%emt 0:00:43]} Ra7 {[%emt 0:01:08]} 51. Rb8 {[%emt 0:01:29]} Ra1 {[%emt 0:05:24]} 52. Bd5 {[%emt 0:05:10]} Ra5 {[%emt 0:00:43]} 53. Rf8+ {[%emt 0:01:18]} Ke7 {[%emt 0:00:30]} 54. Rf7+ {[%emt 0:00:30]} Ke8 {[%emt 0:00:30]} 55. Bc4 {[%emt 0:00:30]} e4 {[%emt 0:00:00]} 56. Rf5 {[%emt 0:03:21]} Ra1 {[%emt 0:03:36]} 57. Rf4 {[%emt 0:00:47]} Bf6 {[%emt 0:00:30]} 58. Rxe4+ {[%emt 0:00:30]} Kd7 {[%emt 0:00:00]} 59. b4 {[%emt 0:00:39]} Rb1 {[%emt 0:00:18]} 60. Kf5 {[%emt 0:00:49]} Rh1 {[%emt 0:00:53]} 61. Kg6 {[%emt 0:01:03]} Rg1 {[%emt 0:01:30]} 62. g4 {[%emt 0:00:47]} Bc3 {[%emt 0:00:29]} 63. Be2 {[%emt 0:01:28]} Kd6 {[%emt 0:02:13]} 64. b5 {[%emt 0:00:41]} Kd5 {[%emt 0:00:59]} 65. Re7 {[%emt 0:00:34]} Kd6 {[%emt 0:01:01]} 66. Rxg7 {[%emt 0:00:27]} Bxg7 {[%emt 0:00:48]} 67. Kxg7 {[%emt 0:00:30]} Rg2 68. Bd1 {[%emt 0:00:28]} Ra2 {[%emt 0:00:47]} 69. h6 {[%emt 0:00:32]} Ra7+ {[%emt 0:00:46]} 70. Kg6 {[%emt 0:00:05]} Re7 {[%emt 0:00:42]} 71. Bb3 {[%emt 0:00:28]} Re4 {[%emt 0:01:37]} 72. g5 {[%emt 0:00:01]} 1-0

[Event "Turkey IS Bank Super League 2017"]
[Site "Darica-Kocaeli"]
[Date "2017.07.30"]
[Round "5"]
[White "Kesgin, Halit Kaan"]
[Black "Ozenir, Ekin Baris"]
[Result "1-0"]
[WhiteElo "2207"]
[BlackElo "2098"]
[Annotator "NA"]
[PlyCount "109"]
[EventType "team-tourn"]
[EventCountry "TUR"]
[SourceTitle "playchess.com"]
[Source "ChessBase"]
[SourceQuality "1"]
[TimeControl "40/5400+30:1800+30"]

1. e4 {[%emt 0:00:30]} Nc6 {[%emt 0:01:00]} 2. Nf3 {[%emt 0:01:30]} d6 {[%emt 0:00:30]} 3. d4 {[%emt 0:00:30]} Nf6 {[%emt 0:00:30]} 4. Nc3 {[%emt 0:00:30]} g6 {[%emt 0:00:00]} 5. h3 {[%emt 0:02:30]} Bg7 {[%emt 0:01:00]} 6. Be3 {[%emt 0:00:30]} O-O {[%emt 0:00:30]} 7. Qd2 {[%emt 0:01:30]} e5 {[%emt 0:02:30]} 8. dxe5 {[%emt 0:06:30]} Nxe5 {[%emt 0:07:30] LiveBook: 8 Games} 9. O-O-O {[%emt 0:03:30]} Nxf3 $14 {[%emt 0:14:30]} 10. gxf3 {[%emt 0:00:30]} Re8 {[%emt 0:00:30]} 11. Bg5 {[%emt 0:05:30]} c6 {[%emt 0:26:30]} 12. Qxd6 {[%emt 0:11:30]} Qxd6 {[%emt 0:00:30]} 13. Rxd6 {[%emt 0:00:00]} Be6 {[%emt 0:00:30]} 14. h4 {[%emt 0:04:00]} Nh5 {[%emt 0:04:30]} 15. a3 {[%emt 0:21:30]} Be5 {[%emt 0:07:30]} 16. Rd1 {[%emt 0:00:30]} f5 {[%emt 0:10:38]} 17. Ne2 {[%emt 0:08:30]} f4 {[%emt 0:03:36]} 18. Bh3 {[%emt 0:13:31]} Bxh3 {[%emt 0:07:44]} 19. Rxh3 {[%emt 0:00:30]} Rac8 {[%emt 0:00:00]} 20. Rd7 {[%emt 0:01:43]} Rc7 {[%emt 0:00:00]} 21. Rxc7 {[%emt 0:00:13]} Bxc7 {[%emt 0:00:00]} 22. Rh1 {[%emt 0:00:30]} Re6 {[%emt 0:02:56]} 23. Rd1 {[%emt 0:04:53]} Rd6 {[%emt 0:00:28]} 24. Rxd6 {[%emt 0:00:00]} Bxd6 {[%emt 0:00:30]} 25. Kd2 {[%emt 0:00:21]} Kf7 {[%emt 0:00:30]} 26. Kd3 {[%emt 0:00:18]} Ke6 {[%emt 0:00:18]} 27. c4 {[%emt 0:03:12]} Ke5 {[%emt 0:05:33]} 28. b4 {[%emt 0:00:37]} Ke6 {[%emt 0:01:20]} 29. c5 {[%emt 0:01:55]} Be5 {[%emt 0:00:04]} 30. Kc4 {[%emt 0:00:38]} Kd7 {[%emt 0:00:11]} 31. Nc1 {[%emt 0:00:31]} Bc7 {[%emt 0:02:32]} 32. Nd3 {[%emt 0:00:18]} Ke6 {[%emt 0:00:00]} 33. Kc3 {[%emt 0:00:48]} Kd7 {[%emt 0:00:19]} 34. Kd2 {[%emt 0:00:00]} a5 {[%emt 0:00:45]} 35. Ke1 {[%emt 0:00:00]} axb4 {[%emt 0:00:19]} 36. axb4 {[%emt 0:00:00]} Ke6 {[%emt 0:00:19]} 37. Kf1 {[%emt 0:00:10]} Kf7 {[%emt 0:00:09]} 38. Kg2 {[%emt 0:04:19]} Kg7 {[%emt 0:01:08]} 39. Kh3 {[%emt 0:00:04]} Bb8 {[%emt 0:00:13]} 40. Kg4 {[%emt 0:00:00]} Nf6+ {[%emt 0:30:39]} 41. Kh3 {[%emt 0:01:29]} Nh5 {[%emt 0:00:00]} 42. Kg4 {[%emt 0:10:30]} Nf6+ {[%emt 0:00:00]} 43. Bxf6+ {[%emt 0:00:00]} Kxf6 {[%emt 0:00:00]} 44. h5 {[%emt 0:00:00]} Bc7 {[%emt 0:00:00]} 45. hxg6 {[%emt 0:01:30]} hxg6 {[%emt 0:00:00]} 46. Nxf4 {[%emt 0:00:30]} Bb8 {[%emt 0:00:00]} 47. Nd3 {[%emt 0:00:30]} g5 {[%emt 0:00:00]} 48. e5+ {[%emt 0:00:00]} Kg6 {[%emt 0:00:00]} 49. f4 {[%emt 0:00:00]} gxf4 {[%emt 0:00:00]} 50. Nxf4+ {[%emt 0:00:30]} Kf7 {[%emt 0:00:00]} 51. Kf5 {[%emt 0:00:00]} Ke7 {[%emt 0:00:00]} 52. Ng6+ {[%emt 0:00:00]} Kf7 {[%emt 0:00:00]} 53. e6+ {[%emt 0:00:30]} Ke8 {[%emt 0:00:00]} 54. f4 {[%emt 0:00:30]} Bc7 {[%emt 0:00:00]} 55. Ke4 {[%emt 0:00:30]} 1-0

[Event "Turkey IS Bank Super League 2017"]
[Site "Darica-Kocaeli"]
[Date "2017.07.30"]
[Round "5"]
[White "Tofan, Ibrahim"]
[Black "Kiremitciyan, Ari"]
[Result "0-1"]
[WhiteElo "2194"]
[BlackElo "2240"]
[Annotator "NA"]
[PlyCount "110"]
[EventType "team-tourn"]
[EventCountry "TUR"]
[SourceTitle "playchess.com"]
[Source "ChessBase"]
[SourceQuality "1"]
[TimeControl "40/5400+30:1800+30"]

1. e4 {[%emt 0:01:30]} c5 {[%emt 0:01:00]} 2. b3 {[%emt 0:00:30]} b6 {[%emt 0:00:30]} 3. g3 {[%emt 0:00:30]} Bb7 {[%emt 0:00:30]} 4. Bg2 {[%emt 0:00:30]} Nf6 {[%emt 0:00:00]} 5. d3 {[%emt 0:04:30]} e6 {[%emt 0:04:00]} 6. c4 {[%emt 0:01:30]} Be7 {[%emt 0:05:30]} 7. Nc3 {[%emt 0:00:30]} d6 {[%emt 0:03:30]} 8. Nge2 {[%emt 0:00:30]} Nc6 {[%emt 0:06:30]} 9. d4 {[%emt 0:05:30]} cxd4 {[%emt 0:01:30]} 10. Nxd4 {[%emt 0:00:30]} Ne5 {[%emt 0:08:30]} 11. O-O {[%emt 0:01:30]} Qb8 {[%emt 0:03:30]} 12. f4 {[%emt 0:02:30]} Ned7 {[%emt 0:00:30]} 13. f5 {[%emt 0:00:30]} (13. Ba3 $16) 13... e5 {[%emt 0:03:30]} 14. Nc2 {[%emt 0:00:30]} h6 {[%emt 0:03:30]} 15. Ne3 $14 {[%emt 0:02:30]} O-O {[%emt 0:08:30]} 16. g4 {[%emt 0:01:30]} Nc5 {[%emt 0:03:30]} 17. Qc2 {[%emt 0:02:30]} a6 {[%emt 0:14:30]} 18. h4 {[%emt 0:03:30]} Nh7 {[%emt 0:01:30]} 19. Qf2 {[%emt 0:22:30]} Qd8 {[%emt 0:01:30]} 20. g5 {[%emt 0:04:30]} hxg5 {[%emt 0:00:30]} 21. Ned5 {[%emt 0:05:30]} Nd3 {[%emt 0:08:33]} 22. Qxb6 {[%emt 0:01:30]} Bxd5 {[%emt 0:00:57]} 23. Nxd5 {[%emt 0:03:30]} Nxc1 {[%emt 0:01:36]} 24. Qxd8 {[%emt 0:02:30]} Bxd8 {[%emt 0:03:13]} 25. Raxc1 {[%emt 0:00:30]} gxh4 {[%emt 0:00:00]} 26. Rfd1 {[%emt 0:00:30]} a5 {[%emt 0:02:28]} 27. Rc3 {[%emt 0:00:30]} Rb8 {[%emt 0:04:03]} 28. Rcd3 {[%emt 0:00:30]} Nf6 {[%emt 0:06:13]} 29. Nc3 {[%emt 0:03:30]} Bb6+ {[%emt 0:00:24]} 30. Kf1 {[%emt 0:01:30]} Bc5 {[%emt 0:01:35]} 31. Bf3 {[%emt 0:01:30]} g5 {[%emt 0:00:23]} 32. fxg6 {[%emt 0:02:30]} fxg6 {[%emt 0:00:11]} 33. Kg2 {[%emt 0:07:39]} g5 {[%emt 0:01:51]} 34. Kh3 {[%emt 0:00:04]} Kh7 {[%emt 0:00:33]} 35. R1d2 {[%emt 0:14:04]} Kh6 {[%emt 0:00:22]} 36. Re2 {[%emt 0:00:11]} Nh5 {[%emt 0:00:44]} 37. Nd5 {[%emt 0:01:48]} Nf4+ {[%emt 0:00:29]} 38. Nxf4 {[%emt 0:00:57]} Rxf4 {[%emt 0:00:03]} 39. Bg4 {[%emt 0:02:12]} Rbf8 {[%emt 0:00:12]} 40. Bf5 {[%emt 0:00:00]} Kh5 {[%emt 0:30:52]} 41. Rg2 {[%emt 0:00:35]} R8xf5 {[%emt 0:00:00]} 42. exf5 {[%emt 0:02:30]} g4+ {[%emt 0:00:00]} 43. Kh2 {[%emt 0:00:30]} h3 {[%emt 0:00:00]} 44. Rgg3 {[%emt 0:04:30]} Kh4 {[%emt 0:00:00]} 45. a3 {[%emt 0:02:30]} Bf2 {[%emt 0:00:00]} 46. Rxh3+ {[%emt 0:00:30]} gxh3 {[%emt 0:00:00]} 47. Rxh3+ {[%emt 0:00:30]} Kg5 {[%emt 0:00:00]} 48. Kg2 {[%emt 0:01:30]} Bc5 {[%emt 0:00:00]} 49. a4 {[%emt 0:00:30]} e4 {[%emt 0:00:00]} 50. Rh8 {[%emt 0:00:30]} Kxf5 {[%emt 0:00:00]} 51. Ra8 {[%emt 0:00:00]} e3 {[%emt 0:00:00]} 52. Re8 {[%emt 0:01:00]} Re4 {[%emt 0:00:00]} 53. Rf8+ {[%emt 0:00:00]} Ke5 {[%emt 0:00:00]} 54. Kf3 {[%emt 0:00:00]} Kd4 {[%emt 0:00:00]} 55. Ke2 {[%emt 0:00:30]} Rh4 {[%emt 0:00:00]} 0-1